书目信息 |
| 书名: | Equine medicine and surgery | |
| 作者: | editors, Patrick T. Colahan ... [et al.]. | |
| 分册号: | ||
| 分册名: | 出版地: | Goleta, Calif. : |
|
| 出版社: | American Veterinary Publications | |
| 出版时间: | c1991. | |
| 页数: | 2 v. (viii, 1859 p.) : | |
| 开本: | 26 cm. | |
| 丛书名: | ||
| 中图分类号: | ||
| 科图分类号: | ||
| 其他分类号: | S852.1 | |
| 主题词: | ||
| 电子资源: | ||
| 000 | 01017nam a2200301 a 450 | |
| 001 | E0761648587 | |
| 005 | 20070425170926.45 | |
| 008 | 900321s1991 caua b 001 0 eng | |
| 010 | @a90081427 | |
| 020 | @a0939674270 (set). | |
| 035 | @A(DLC) 90081427 | |
| 040 | @aDLC@cDLC | |
| 050 | 00 | @aSF951@b.E57 1991 |
| 082 | 00 | @a636.1/0896@2 20 |
| 090 | @aS852.1 | |
| 099 | @dS852.1@ex4:1=4 | |
| 245 | 00 | @aEquine medicine and surgery.@nVOLUME Ⅰ / @ceditors, Patrick T. Colahan ... [et al.]. |
| 250 | @a4th ed. | |
| 260 | @aGoleta, Calif. :@bAmerican Veterinary Publications,@cc1991. | |
| 300 | @a2 v. (viii, 1859 p.) :@bill. (some col.) ;@c26 cm. | |
| 504 | @aIncludes bibliographical references and index. | |
| 650 | 0 | @aHorses@xDiseases. |
| 650 | 0 | @aHorses@xSurgery. |
| 700 | 1 | @aColahan, Patrick T. |
| 906 | @a7@bcbc@corignew@d2@eopcn@f19@gy-gencatlg | |
| 922 | @aadco | |
| 955 | @abx57 to br00 02-26-91; br28 to SL 03-07-91; fp29 03-25-91 | |
| 991 | @bc-GenColl@hSF951@i.E57 1991@tCopy 1@wBOOKS | |
| Equine medicine and surgery.. VOLUME Ⅰ / / editors, Patrick T. Colahan ... [et al.].-4th ed.-Goleta, Calif. : : American Veterinary Publications, , c1991. |
| 2 v. (viii, 1859 p.) : : ill. (some col.) ; ; 26 cm. |
| Includes bibliographical references and index. |
| ISBN 0939674270 (set). |
| ● |
| 相关链接 |
|
|
|
|
正题名:Equine medicine and surgery
索取号:S852.1/x4:1=4
 
预约/预借
| 序号 | 登录号 | 条形码 | 馆藏地/架位号 | 状态 | 备注 |
| 1 | 5521 | 300055213 | 第二样本阅览室/ [索取号:S852.1/x4:1=4] | 在馆 | |
| 2 | 5522 | 300055222 | 第四借阅区/ [索取号:S852.1/x4:1=4] | 在馆 |